Franny and zooey. (Record no. 6087)

MARC details
000 -LEADER
fixed length control field 00471nam a22001812 4500
001 - CONTROL NUMBER
control field 0000002892
005 - DATE AND TIME OF LATEST TRANSACTION
control field 20151217151907.0
008 - FIXED-LENGTH DATA ELEMENTS--GENERAL INFORMATION
fixed length control field 070420s xx 000 0 eng d
040 ## - CATALOGING SOURCE
Original cataloging agency KABU
Transcribing agency KABU
050 #0 - LIBRARY OF CONGRESS CALL NUMBER
Classification number PS3569
Item number .A55F73
100 1# - MAIN ENTRY--PERSONAL NAME
Personal name Salinger, J. D.
-- 0000152399
245 10 - TITLE STATEMENT
Title Franny and zooey.
260 ## - PUBLICATION, DISTRIBUTION, ETC. (IMPRINT)
Place of publication, distribution, etc. New York :
Name of publisher, distributor, etc. Little, Brown,
Date of publication, distribution, etc. 1961.
300 ## - PHYSICAL DESCRIPTION
Extent 202 p.
908 ## - PUT COMMAND PARAMETER (RLIN)
Put command parameter 070420
950 ## - LOCAL HOLDINGS (RLIN)
-- 1
Holdings
Withdrawn status Lost status Source of classification or shelving scheme Not for loan Home library Current library Date acquired Total Checkouts Full call number Barcode Date last seen Date last checked out Price effective from Koha item type
    Library of Congress Classification   Kabarak, Main Campus Kabarak, Main Campus 17/12/2015 2 PS3569 .A55F73 004584 07/03/2022 02/03/2022 17/12/2015 General Collection
Designed with assistance from East African Informatics Ltd